Aktuální trendy v oblasti zemědělského pojištění

Poľnohospodárstvo patrí medzi hospodárske odvetvie, ktoré je závislé na klimatických zmenách. Preto je potrebné, aby poistný trh dokázal reagovať na zmeny dopytu pri poistení poľnohospodárskych rizík. Svetovým trendom sa stávajú špecializovaní poľnohospodárski poisťovatelia.

Enregistré dans:
Détails bibliographiques
Auteur principal: Hrubý, Marek
Format: Chapitre de livre
Langue:tchèque
Sujets:
Tags: Ajouter un tag
Pas de tags, Soyez le premier à ajouter un tag!

MARC

LEADER 00000nla a2200000 4500
001 0222306
005 20240111122221.2
041 0 |a cze 
044 |a CZ 
245 1 0 |a Aktuální trendy v oblasti zemědělského pojištění  |c Marek Hrubý 
520 |a Poľnohospodárstvo patrí medzi hospodárske odvetvie, ktoré je závislé na klimatických zmenách. Preto je potrebné, aby poistný trh dokázal reagovať na zmeny dopytu pri poistení poľnohospodárskych rizík. Svetovým trendom sa stávajú špecializovaní poľnohospodárski poisťovatelia. 
610 2 0 |a poisťovníctvo 
610 2 0 |a poisťovne 
610 2 0 |a riziko poistné 
610 2 0 |a trh poistný 
610 2 0 |a poistenie poľnohospodárske 
610 2 0 |a zmeny klimatické 
610 2 0 |a udalosti poistné 
100 1 |a Hrubý, Marek